Media analysis techniques / (Record no. 275980)
[ view plain ]
| 000 -LEADER | |
|---|---|
| fixed length control field | 01471cam a22003134a 4500 |
| 001 - CONTROL NUMBER | |
| control field | 16627184 |
| 005 - DATE AND TIME OF LATEST TRANSACTION | |
| control field | 20141001093620.0 |
| 008 - FIXED-LENGTH DATA ELEMENTS--GENERAL INFORMATION | |
| fixed length control field | 110127s2012 caua b 001 0 eng |
| 010 ## - LIBRARY OF CONGRESS CONTROL NUMBER | |
| LC control number | 2011003276 |
| 020 ## - INTERNATIONAL STANDARD BOOK NUMBER | |
| International Standard Book Number | 9781412987769 (pbk.) |
| 020 ## - INTERNATIONAL STANDARD BOOK NUMBER | |
| International Standard Book Number | 1412987768 (pbk.) |
| 035 ## - SYSTEM CONTROL NUMBER | |
| System control number | (OCoLC)ocn699379211 |
| 040 ## - CATALOGING SOURCE | |
| Original cataloging agency | DLC |
| Transcribing agency | DLC |
| Modifying agency | YDX |
| -- | YDXCP |
| -- | BWX |
| -- | CDX |
| -- | IAD |
| -- | DLC |
| 042 ## - AUTHENTICATION CODE | |
| Authentication code | pcc |
| 050 00 - LIBRARY OF CONGRESS CALL NUMBER | |
| Classification number | P 91 |
| Item number | .B43 2012 |
| 082 00 - DEWEY DECIMAL CLASSIFICATION NUMBER | |
| Classification number | 302.23/01 |
| 100 1# - MAIN ENTRY--PERSONAL NAME | |
| Personal name | Berger, Arthur Asa, |
| Dates associated with a name | 1933- |
| 245 10 - TITLE STATEMENT | |
| Title | Media analysis techniques / |
| Statement of responsibility, etc | Arthur Asa Berger. |
| 250 ## - EDITION STATEMENT | |
| Edition statement | 4th ed. |
| 260 ## - PUBLICATION, DISTRIBUTION, ETC. (IMPRINT) | |
| Place of publication, distribution, etc | Thousand Oaks, Calif. : |
| Name of publisher, distributor, etc | SAGE, |
| Date of publication, distribution, etc | c2012. |
| 300 ## - PHYSICAL DESCRIPTION | |
| Extent | xv, 260 pages : |
| Other physical details | illustrations. ; |
| Dimensions | 23 cm. |
| 504 ## - BIBLIOGRAPHY, ETC. NOTE | |
| Bibliography, etc | Includes bibliographical references (p. 247-251) and indexes. |
| 505 0# - FORMATTED CONTENTS NOTE | |
| Formatted contents note | Techniques of interpretation -- Semiotic analysis -- Marxist analysis -- Psychoanalytic criticism -- Sociological analysis -- Applications -- Murderers on the orient express -- Seven points on the game of football -- The maiden with the snake : interpretations of a print advertisement -- All-news radio and the american bourgeoisie -- Video games : a new art form -- Cell phones, social media, and the problem of identity. |
| 650 #0 - SUBJECT ADDED ENTRY--TOPICAL TERM | |
| Topical term or geographic name as entry element | Mass media |
| General subdivision | Methodology. |
| 650 #0 - SUBJECT ADDED ENTRY--TOPICAL TERM | |
| Topical term or geographic name as entry element | Mass media criticism. |
| 906 ## - LOCAL DATA ELEMENT F, LDF (RLIN) | |
| a | 7 |
| b | cbc |
| c | orignew |
| d | 1 |
| e | ecip |
| f | 20 |
| g | y-gencatlg |
| 942 ## - ADDED ENTRY ELEMENTS (KOHA) | |
| Source of classification or shelving scheme | Library of Congress Classification |
| Koha item type | Books |
| Call number prefix | Foreign |
| Withdrawn status | Lost status | Source of classification or shelving scheme | Damaged status | Home library | Current library | Shelving location | Date acquired | Source of acquisition | Total Checkouts | Full call number | Barcode | Date last seen | Date checked out | Price effective from | Koha item type |
|---|---|---|---|---|---|---|---|---|---|---|---|---|---|---|---|
| Library of Congress Classification | College Library | College Library | Reserve Section | 10/01/2014 | Library Fund | 1 | P 91 .B43 2012 | C18789 | 05/15/2018 | 10/09/2015 | 10/01/2014 | Books |